01304 2200217 4500001002100000005001500021035002000036007000300056008004100059020002200100082001400122084002000136100003400156245006700190250001300257260004800270300005000318700002400368520066000392600003401052INLIS00000000000235220260414075102 a0010-0426000030ta260414 j 1 ind  a978-979-040-130-3 a899.221.3 a899.221.3 EVI l0 aEvi Z. Indriani ( Pengarang )1 aLumbung padi negeri candi /cEvi Z. Indriani; editor, D. Liana a-Cet.III aSukoharjo :bPT Wangsa jatra lestari,c2020 a80 hlm :biIus,bergambar,hitam putih ;c21 cm0 aD. Liana ( Editor ) aMoncongnya panjang Di pucuk moncong itu bertengger sebentuk hidung ajaib Kubilang ajaib karena hidung itu bisa berputar ke segala arah dan berkedut cepat Deteksi sana sini endus ini itu Lalu tunggu sampai dia mendongak dan sepasang giginya yang panjang nongol Ambooooy hellip kalian akan merasa dikitik kitik seribu kemoceng GELI hellip Edinta kembali ke Negeri Candi kali ini untuk membantu Omer dan Japang mempertahankan lumbung padi negeri itu Namun mengapa seorang gadis cantik dianggap sebagai musuh yang harus diwaspadai Siapa pula Namdur Arsitek Termasyhur dan Mumung si pemilik hidung berputar Hmm hellip yuk baca kisah Edinta dalam buku kedua ini 4afiksi indonesia - bacaan anak